000
00352nam a2200145Ia 4500
008
151213s9999 xx 000 0 und d
100
_a
Ian C.Souton
245
_a
Edmund Spenser
_c
Ian C.Souton
260
_a
London
_b
Macmilan
_c
1968
300
_a
8379 p.
650
_a
English
650
_a
English Literature
700
_a
Ian C.Souton
999
_c
4217
_d
4217